Statistics for King Princess - 1950 lyrics

Click here to take the quiz!

General Stats

  • This quiz has been taken 51 times
  • The average score is 242 of 280

Answer Stats

Answer% Correct
I
100%
It
100%
When
100%
A
97%
I'm
97%
Me
97%
To
97%
You
97%
1950
94%
Love
94%
That
94%
We
94%
Your
94%
And
92%
Hate
92%
It's
92%
My
92%
Play
92%
(So)
92%
So
92%
Tell
92%
Just
89%
Kiss
89%
Lady
89%
Like
89%
Why
89%
You're
89%
Are
86%
But
86%
Cause
86%
Cold
86%
For
86%
In
86%
Look
86%
The
86%
Try
86%
Where
86%
Chase
83%
City
83%
I'll
83%
Live
83%
People
83%
Shitty
83%
Surprised
83%
Will
83%
Did
81%
Dudes
81%
On
81%
Save
81%
Was
81%
Wrong
81%
Gods
78%
Keep
78%
Pretty
78%
Said
78%
Wait
78%
Wanna
78%
With
78%
Didn't
75%
Kill
75%
Mean
75%
Pray
75%
'bout
72%
Waiting
72%
Stare's
67%
Make
64%
Won't
64%
Away
61%
Happy
61%
Life
61%
Stone
61%
Hope
58%
Miss
58%
Slip
58%
Know
56%
Bold
50%
Night
50%
Them
47%
(For your love)
6%
(For your love, for your love)
3%

Score Distribution

Percentile by Number Answered

Percent of People with Each Score

Your Score History

You have not taken this quiz